| 000 | 00918cam a22002771 4500 | ||
|---|---|---|---|
| 001 | 24254 | ||
| 003 | BD-RjUL | ||
| 005 | 20211209001028.0 | ||
| 008 | 140312s1965 enkabc b 001 0 eng | ||
| 035 | _a(BD-RjUL)24320 | ||
| 035 | _a(OCoLC)1263610 | ||
| 040 |
_aDLC _cOCU _dOCoLC _dUk _dDLC _beng |
||
| 041 | _aeng | ||
| 082 |
_a940.544 _bBAT 1965 |
||
| 100 | 1 |
_aBarker, Ralph, _d1917- _974699 |
|
| 245 | 1 | 4 |
_aThe thousand plan : _bthe story of the first thousand bomber raid on Cologne / _cRalph Barker |
| 260 |
_aLondon : _bChatto & Windus, _c1965. |
||
| 300 |
_aix, 260 p. : _billus., maps, ports. ; _c23 cm. |
||
| 504 | _aIncludes index | ||
| 610 | 1 | 0 |
_aGreat Britain. _bRoyal Air Force. _bBomber Command. _974702 |
| 650 | 0 |
_aWorld War, 1939-1945 _xAerial operations, British. _967382 |
|
| 651 | 0 |
_aCologne (Germany) _yBombardment, 1942. _974701 |
|
| 942 |
_2ddc _cBK |
||
| 999 |
_c24254 _d24254 |
||